<?xml version="1.0" encoding="UTF-8"?>
<record
    xmlns:xsi="http://www.w3.org/2001/XMLSchema-instance"
    xsi:schemaLocation="http://www.loc.gov/MARC21/slim http://www.loc.gov/standards/marcxml/schema/MARC21slim.xsd"
    xmlns="http://www.loc.gov/MARC21/slim">

  <leader>00930cam a2200253 a 4500</leader>
  <controlfield tag="001">2770397</controlfield>
  <controlfield tag="003">OSt</controlfield>
  <controlfield tag="005">20240823124832.0</controlfield>
  <controlfield tag="008">840630s1974    sy            000 0 arar </controlfield>
  <datafield tag="010" ind1=" " ind2=" ">
    <subfield code="a">   79960187 </subfield>
  </datafield>
  <datafield tag="020" ind1=" " ind2=" ">
    <subfield code="a">9782745104649</subfield>
  </datafield>
  <datafield tag="040" ind1=" " ind2=" ">
    <subfield code="a">DLC</subfield>
    <subfield code="c">DLC</subfield>
    <subfield code="d">DLC</subfield>
  </datafield>
  <datafield tag="043" ind1=" " ind2=" ">
    <subfield code="a">ma-----</subfield>
  </datafield>
  <datafield tag="050" ind1="0" ind2="0">
    <subfield code="a">PJ7507</subfield>
    <subfield code="b">.I27 1974</subfield>
  </datafield>
  <datafield tag="082" ind1=" " ind2=" ">
    <subfield code="a">892.709001</subfield>
    <subfield code="b">IBR/T</subfield>
  </datafield>
  <datafield tag="100" ind1="1" ind2=" ">
    <subfield code="a">Ibr&#x101;h&#x12B;m, &#x1E6C;&#x101;h&#x101; A&#x1E25;mad.</subfield>
  </datafield>
  <datafield tag="245" ind1="1" ind2="0">
    <subfield code="a">T&#x101;r&#x12B;kh al-naqd al-adab&#x12B; &#x2BB;inda al-&#x2BB;Arab min al-&#x2BB;a&#x1E63;r al-J&#x101;hil&#x12B; il&#xE1; al-qarn al-r&#x101;bi&#x2BB; al-Hijr&#x12B; /</subfield>
    <subfield code="c">ta&#x2BC;l&#x12B;f &#x1E6C;&#x101;h&#x101; A&#x1E25;mad Ibr&#x101;h&#x12B;m ; jam&#x2BB;ahu wa-qaddama la-hu A&#x1E25;mad al-Sh&#x101;yib.</subfield>
  </datafield>
  <datafield tag="260" ind1=" " ind2=" ">
    <subfield code="a">Dimashq :</subfield>
    <subfield code="b">D&#x101;r al-&#x1E24;ikmah,</subfield>
    <subfield code="c">1974.</subfield>
  </datafield>
  <datafield tag="300" ind1=" " ind2=" ">
    <subfield code="a">205 p. ;</subfield>
    <subfield code="c">24 cm.</subfield>
  </datafield>
  <datafield tag="650" ind1=" " ind2="0">
    <subfield code="a">Arabic literature</subfield>
    <subfield code="x">History and criticism.</subfield>
  </datafield>
  <datafield tag="700" ind1="1" ind2=" ">
    <subfield code="a">Sh&#x101;yib, A&#x1E25;mad.</subfield>
  </datafield>
  <datafield tag="906" ind1=" " ind2=" ">
    <subfield code="a">7</subfield>
    <subfield code="b">cbc</subfield>
    <subfield code="c">orignew</subfield>
    <subfield code="d">4</subfield>
    <subfield code="e">ncip</subfield>
    <subfield code="f">19</subfield>
    <subfield code="g">y-gencatlg</subfield>
  </datafield>
  <datafield tag="942" ind1=" " ind2=" ">
    <subfield code="2">ddc</subfield>
    <subfield code="c">BK</subfield>
    <subfield code="h">892.709001</subfield>
    <subfield code="i">IBR/T</subfield>
    <subfield code="k">892.709001</subfield>
    <subfield code="m">IBR/T</subfield>
  </datafield>
  <datafield tag="952" ind1=" " ind2=" ">
    <subfield code="0">0</subfield>
    <subfield code="1">0</subfield>
    <subfield code="2">ddc</subfield>
    <subfield code="4">0</subfield>
    <subfield code="7">0</subfield>
    <subfield code="8">LIT</subfield>
    <subfield code="a">MES</subfield>
    <subfield code="b">MES</subfield>
    <subfield code="c">ARB</subfield>
    <subfield code="d">2023-10-18</subfield>
    <subfield code="l">0</subfield>
    <subfield code="o">892.709001 IBR/T</subfield>
    <subfield code="p">42899</subfield>
    <subfield code="r">2023-10-18 16:16:23</subfield>
    <subfield code="v">750.00</subfield>
    <subfield code="w">2023-10-18</subfield>
    <subfield code="y">BK</subfield>
    <subfield code="z">GR5R2</subfield>
  </datafield>
  <datafield tag="999" ind1=" " ind2=" ">
    <subfield code="c">42664</subfield>
    <subfield code="d">42664</subfield>
  </datafield>
</record>
